Biblioteca

History sacred and profane / Alan Richardson (Registro nro. 46249)

Detalles MARC
000 -LÍDER
Campo fijo de descripción fija 007250000a22001810004500
082 04 - NÚMERO DE CLASIFICACIÓN DECIMAL DEWEY
Número de clasificación G 901 R521h
001 - NÚMERO DE CONTROL
Campo de control 19892
100 1# - ASIENTO PRINCIPAL--NOMBRE PERSONAL
Nombre personal Richardson, Alan
245 10 - TÍTULO
Título del Material History sacred and profane / Alan Richardson
260 ## - PUBLICACIÓN, DISTRIBUCIÓN, ETC. (PIE DE IMPRENTA)
Lugar de publicación, distribución, etc. London : SCM Press
300 ## - DESCRIPCIÓN FÍSICA
Extensión 328 páginas
500 ## - NOTA GENERAL
Nota General Incluye índices (p. 317-328)
501 ## - NOTA DE “CON”
Nota de Contenido Pasta dura
505 00 - NOTA DE CONTENIDO
Nota de contenido con formato preestablecido La crisis del siglo XVIII - Los dos sistemas del mundo - La búsqueda de la verificación histórica - Desvinculación de la historia - Participación en la historia - Historia y lo milagroso - La fe y la historia - El testigo de la historia
650 14 - ASIENTO SECUNDARIO DE MATERIA - TERMINO TEMÁTICO
Término temático o nombre geográfico como elemento de entrada Historia \ Fe - Historia \ Historia - Siglo VIII
942 ## - TIPO DE MATERIAL (KOHA)
Tipo de Item KOHA Libros General
Existencias
Estado de Material Estado de Perdido Estado de Dañado No para Préstamo Colección Tomo Biblioteca de Origen Biblioteca Permanente Fecha de Adquisición Total de Préstamos Signatura Topográfica Código de Barras Última vez visto Ejemplar/Existencia Fecha de Remplazo Tipo de Material
        Colección General   Biblioteca FUSBC Biblioteca FUSBC 26/05/2015   G 901 R521h 19968 12/12/2019 1 26/01/2016 Libros General

Biblioteca FUSBC | Teléfono: (57+4) 349 88 10 Ext. 141| WhatsApp (+57) 3005338115 
E-mail: biblioteca@unisbc.edu.co | Calle 76 87-14 Robledo Palenque, Medellín, Colombia

Con tecnología Koha